Statistics for Countries Closest to the Persian Gulf

Click here to take the quiz!

General Stats

  • This quiz has been taken 33,002 times
    (31,177 since last reset)
  • The average score is 20 of 22

Answer Stats

km Country miles % Correct
0Iran0
99%
0Iraq0
99%
0Saudi Arabia0
98%
0Oman0
97%
0United Arab Emirates0
96%
551Yemen343
96%
0Kuwait0
95%
1198Israel745
95%
0Qatar0
94%
440Pakistan273
94%
846Syria526
93%
863Jordan536
92%
843Turkey524
92%
502Afghanistan312
92%
1128India701
91%
1181Lebanon734
88%
0Bahrain0
88%
1208Georgia751
80%
890Azerbaijan553
79%
968Armenia601
79%
1036Turkmenistan644
73%
1207Russia750
68%

Score Distribution

Percentile by Number Answered

Percent of People with Each Score

Your Score History

You have not taken this quiz since the last reset